000 01075nam a22003257a 4500
003 CHAP
005 20251111133002.0
008 971013s1988 r 00010 d
010 _a69920
011 _a70892
035 _a80446
040 _cCHAP
090 _aTesis
100 1 0 _aLuna García, Leoncio
_969051
245 _aEstudios de deshidratación en tres variedades de Manzana (Malus pumila mill)
260 _aChapingo, Méx. :
_bEl autor,
_c1988
300 _a113 h.
500 _aD18-201
502 _aTesis (Ing. Agr. Esp. en Industrias Agrícolas) -- UACH. Departamento de Industrias Agrícolas
590 _aALEPH
_b10
_c20130110
_lUCH01
_h1409
590 _aBATCH-UPD
_b10
_c20130110
_lUCH01
_h0402
590 _aBATCH-UPD
_b10
_c20130410
_lUCH01
_h0035
590 _aBATCH-UPD
_b10
_c20130914
_lUCH01
_h1735
590 _aCONVERSION
_b10
_c20130109
_lUCH01
_h1338
650 1 4 _aManzana
_xDeshidratación.
_970755
901 _aBK
942 _cFOLL
949 _bBC
_cTES
_d-33348
_eTS1
_h21001
_i80446
_si
949 _bBC
_cTES
_d-94998
_eTS2
_fc.2
_h21002
_i80446
_si
999 _c69920
_d69920